[Event "ch-Commonwealth"]
[Site "Nagpur IND"]
[Date "2008.10.03"]
[Round "8"]
[White "Hasan,Me"]
[Black "Nisha,N"]
[Result "1-0"]
[WhiteElo "2264"]
[BlackElo "1846"]

1.e4 c5 2.Nf3 Nc6 3.Bb5 g6 4.Bxc6 bxc6 5.d4 Bg7 6.O-O cxd4 7.Nxd4 e5 8.Nf3 d5
9.exd5 e4 10.Re1 cxd5 11.c4 Be6 12.Ng5 Bf6 13.cxd5 Bxd5 14.Nxe4 Bxe4 15.Qa4+ Kf8
16.Qxe4 Rb8 17.Nc3 Bg7 18.Bf4 Rc8 19.Rad1 Qe8 20.Bd6+ Ne7 21.Qxe7+ Qxe7 22.Rxe7 Kg8
23.Rxa7  1-0

[Event "TCh-AUT 2nd Bundesliga Ost 2008-9"]
[Site "Austria AUT"]
[Date "2008.10.04"]
[Round "2"]
[White "Neumeier,K"]
[Black "Bawart,M"]
[Result "1/2-1/2"]
[WhiteElo "2319"]
[BlackElo "2378"]

1.e4 c5 2.Nf3 Nc6 3.Bb5 g6 4.O-O Bg7 5.Re1 e5 6.Bxc6 dxc6 7.d3 b6 8.Nbd2 f6
9.Nc4 Be6 10.Ne3 Nh6 11.h3  1/2-1/2

[Event "1st WMSG Blitz Ind w"]
[Site "Beijing CHN"]
[Date "2008.10.04"]
[Round "3"]
[White "Dolzhikova,K"]
[Black "Peng Zhaoqin"]
[Result "1-0"]
[WhiteElo "2351"]
[BlackElo "2455"]

1.e4 c5 2.Nf3 Nc6 3.Bb5 e6 4.Bxc6 bxc6 5.d3 Qc7 6.O-O Bd6 7.Re1 f6 8.c3 Ne7
9.d4 cxd4 10.cxd4 O-O 11.Nc3 Rb8 12.a3 Bf4 13.Qc2 Ng6 14.g3 Bxc1 15.Raxc1 e5
16.d5 d6 17.dxc6 Qxc6 18.Nd5 Qe8 19.h4 Bg4 20.Nd2 Qf7 21.Nc4 Rfd8 22.Qa4 Bf3
23.Re3 Bg4 24.Qa6 Be6 25.Nxd6 Qd7 26.Nc4 Bxd5 27.exd5 Qxd5 28.Qxa7 f5 29.Nb6 Qd2
30.Rc7 Kh8 31.Rxg7 Nf8 32.Rxe5 Qd1+ 33.Kg2 Rxb6 34.Ree7 Rh6 35.Ref7 Qd5+
36.Kh2 Qe6 37.Qc7 Re8 38.a4 Rg6 39.Rxh7+ Nxh7 40.Rxh7+ Kg8 41.Rh5 Rg7 42.Qc3 f4
43.Rc5 Qe4 44.Qb3+ Rf7 45.Rg5+ Kf8 46.Qa3+ Qe7 47.Qc3 fxg3+ 48.fxg3 Qe2+
49.Kh3 Qe6+ 50.Kg2 Qe2+ 51.Kh3 Qf1+ 52.Kg4 Qf3+ 53.Qxf3 Rxf3 54.Kxf3 Rb8
55.b4 Rxb4 56.Rf5+ Kg7 57.Rf4 Rb3+ 58.Kg4 Ra3 59.Rd4 Ra2 60.Rb4 Kf6 61.Rb6+ Ke5
62.Ra6 Kd5  1-0

[Event "1st WMSG Blitz Ind"]
[Site "Beijing CHN"]
[Date "2008.10.04"]
[Round "3"]
[White "Nolte,R"]
[Black "Reinderman,D"]
[Result "1-0"]
[WhiteElo "2489"]
[BlackElo "2543"]

1.e4 c5 2.Nf3 Nc6 3.Bb5 g6 4.O-O Bg7 5.c3 e5 6.Re1 Nge7 7.Na3 a6 8.Bf1 O-O
9.h3 d6 10.Nc2 f5 11.d3 h6 12.a3 Kh7 13.b4 b6 14.Bb2 Be6 15.exf5 gxf5 16.Qd2 Qd7
17.a4 Ng6 18.d4 cxd4 19.cxd4 e4 20.d5 Bxb2 21.dxc6 Qxc6 22.Nfd4 Qd5 23.Rab1 Bxd4
24.Nxd4 Bd7 25.a5 b5 26.Rbc1 Ne5 27.Rc7 Rf7 28.Qc3 Rg8 29.Kh1 f4 30.Qc2 Ng6
31.Qxe4 Qg5 32.Nf3 Qf6 33.Qd4 Qd8 34.Rec1 Rgg7 35.Bd3 Bf5 36.Rxf7 Rxf7 37.Qd5 Qd7
38.Bxf5 Rxf5 39.Rc7 Qxc7 40.Qxf5 Qc4 41.Nh4 Qg8  1-0

[Event "1st WMSG Blitz Ind"]
[Site "Beijing CHN"]
[Date "2008.10.04"]
[Round "5"]
[White "Nolte,R"]
[Black "Markos,J"]
[Result "0-1"]
[WhiteElo "2489"]
[BlackElo "2557"]

1.e4 c5 2.Nf3 Nc6 3.Bb5 d6 4.O-O Bd7 5.Re1 Nf6 6.c3 a6 7.Bf1 Bg4 8.h3 Bxf3
9.Qxf3 g6 10.d3 Bg7 11.Be3 Nd7 12.Nd2 b5 13.Qe2 O-O 14.a3 a5 15.Nf3 Qb6 16.Red1 e5
17.Qd2 Nf6 18.Bh6 b4 19.Bxg7 Kxg7 20.Qc2 Rfc8 21.g3 Rab8 22.Rab1 Rc7 23.Bg2 Rcb7
24.Nd2 Qc7 25.Nc4 Nd7 26.Ne3 Nf6 27.Nd5 Nxd5 28.exd5 Ne7 29.c4 Nf5 30.a4 b3
31.Qc3 Nd4 32.Kh2 Rb4 33.f4 exf4 34.gxf4 Qe7 35.Rf1 Qf6 36.Rbe1 Nf5 37.Qd2 Rxa4
38.Be4 Ra2 39.Rb1 Nd4 40.Qc3 a4 41.Kh1 a3 42.bxa3 Ne2 43.Qxf6+ Kxf6 44.Rfe1 Nc3
45.Rbc1 b2 46.Rxc3 b1=Q 47.Rcc1 Qb2  0-1

[Event "1st WMSG Blitz Ind w"]
[Site "Beijing CHN"]
[Date "2008.10.04"]
[Round "5"]
[White "Dembo,Y"]
[Black "Swathi,G"]
[Result "1/2-1/2"]
[WhiteElo "2446"]
[BlackElo "2320"]

1.e4 c5 2.Nf3 Nc6 3.Bb5 e6 4.Bxc6 bxc6 5.d3 Ne7 6.Qe2 Ng6 7.e5 Be7 8.Nc3 O-O
9.O-O f6 10.exf6 gxf6 11.Bh6 Rf7 12.h4 Bf8 13.Qd2 d5 14.h5 Ne7 15.Nh4 Rb8
16.b3 Rb4 17.Bxf8 Qxf8 18.Nf3 Rg7 19.d4 Nf5 20.Ne2 Ba6 21.c3 Rbb7 22.Rfe1 Rg4
23.Nf4 Rbg7 24.g3 Bc8 25.Nh2 R4g5 26.Nf3 Rg4 27.Nh2 R4g5 28.Nf3 Rg4  1/2-1/2

[Event "1st WMSG Blitz Ind w"]
[Site "Beijing CHN"]
[Date "2008.10.04"]
[Round "6"]
[White "Muzychuk,M"]
[Black "Swathi,G"]
[Result "0-1"]
[WhiteElo "2436"]
[BlackElo "2320"]

1.e4 c5 2.Nf3 Nc6 3.Bb5 e6 4.Bxc6 bxc6 5.d3 Ne7 6.O-O Ng6 7.e5 Be7 8.Re1 O-O
9.Nc3 f6 10.exf6 gxf6 11.h4 Rf7 12.h5 Nf8 13.Bh6 d5 14.Nh4 e5 15.Qf3 Qd7
16.Ne2 Qg4 17.Qxg4+ Bxg4 18.f3 Bxh5 19.Nf5 Bg6 20.Neg3 Ne6 21.c3 Bd8 22.d4 cxd4
23.cxd4 Bb6 24.Kh2 Nxd4 25.Nxd4 Bxd4 26.Rac1 c5 27.b3 f5 28.Ne2 e4 29.Nxd4 cxd4
30.Rc5 Rd8 31.Rec1 Rfd7 32.g4 fxg4 33.fxg4 e3 34.Kg3 Re8  0-1

[Event "1st WMSG Blitz Ind w"]
[Site "Beijing CHN"]
[Date "2008.10.04"]
[Round "9"]
[White "Xu Yuhua"]
[Black "Harika,D"]
[Result "1/2-1/2"]
[WhiteElo "2477"]
[BlackElo "2461"]

1.e4 c5 2.Nf3 Nc6 3.Bb5 d6 4.O-O Bd7 5.Re1 Nf6 6.c3 a6 7.Ba4 b5 8.Bc2 Bg4
9.a4 b4 10.a5 Nd7 11.d4 cxd4 12.cxd4 Bxf3 13.gxf3 e5 14.d5 Nd4 15.Ba4 Be7
16.Be3 O-O 17.Bxd4 exd4 18.f4 Nc5 19.Qxd4 Nxa4 20.Rxa4 Qd7 21.Rxb4 Qg4+ 22.Kh1 Qf3+
23.Kg1 Qg4+ 24.Kh1 Qf3+ 25.Kg1 Qg4+ 26.Kh1 Qf3+ 27.Kg1 Qg4+  1/2-1/2

[Event "1st WMSG Blitz Ind w"]
[Site "Beijing CHN"]
[Date "2008.10.04"]
[Round "11"]
[White "Dolzhikova,K"]
[Black "Swathi,G"]
[Result "1-0"]
[WhiteElo "2351"]
[BlackElo "2320"]

1.e4 c5 2.Nf3 Nc6 3.Bb5 e6 4.Bxc6 bxc6 5.d3 Ne7 6.O-O Ng6 7.Nc3 Be7 8.Be3 O-O
9.Nd2 f5 10.f4 Rb8 11.Nb3 d6 12.Qh5 Rf7 13.Rf3 a5 14.Rh3 Nf8 15.e5 d5 16.Bxc5 Rxb3
17.Bxe7 Qb6+ 18.Kh1 Rxc3 19.Bxf8 Qxb2 20.Qxh7+ Kxf8 21.Rf1 Rxc2 22.Qh8+ Ke7
23.Qxc8 Qb6 24.Rh8  1-0

[Event "Icelandic Teams 2008-9"]
[Site "Reykjavik ISL"]
[Date "2008.10.04"]
[Round "2"]
[White "Baklan,V"]
[Black "Maze,S"]
[Result "1/2-1/2"]
[WhiteElo "2631"]
[BlackElo "2553"]

1.e4 c5 2.Nf3 Nc6 3.Bb5 g6 4.Bxc6 bxc6 5.O-O Bg7 6.Re1 Nh6 7.c3 O-O 8.d4 Qb6
9.h3 f6 10.b3 cxd4 11.cxd4 Nf7 12.Nbd2 d6 13.Bb2 Bd7 14.Nc4 Qb5 15.e5 Bf5
16.a4 Qa6 17.exd6 Nxd6 18.Nxd6 exd6 19.d5 c5 20.Nd2 Bd3 21.Re6 Bf5 22.Re7 Rfe8
23.Rxe8+ Rxe8 24.Nc4 Rb8 25.g4 Bd7 26.Qd3 Qb7 27.Ra3 f5 28.Bxg7 Kxg7 29.Nxd6 Qb4
30.Qe3 Qxa3 31.Qe5+ Kg8 32.Nxf5 gxf5 33.Qxb8+ Kf7 34.Qc7 Ke8 35.Qb8+ Kf7
36.Qc7 Ke8 37.Qb8+ Kf7 38.Qc7  1/2-1/2

[Event "Icelandic Teams 2008-9"]
[Site "Reykjavik ISL"]
[Date "2008.10.04"]
[Round "3"]
[White "Oral,T"]
[Black "Halkias,S"]
[Result "1/2-1/2"]
[WhiteElo "2550"]
[BlackElo "2579"]

1.e4 c5 2.Nf3 Nc6 3.Bb5 d6 4.Bxc6+ bxc6 5.O-O e5 6.c3 f5 7.exf5 Be7 8.d4 e4
9.Nfd2 Nf6 10.f3 exf3 11.Qxf3 d5 12.Nb3 c4 13.Nc5 O-O 14.Bg5 h6 15.Bh4 Bxc5
16.dxc5 Qa5 17.Nd2 Qxc5+ 18.Kh1 Bd7 19.Rae1 Rae8 20.Rxe8 Bxe8 21.Re1 Bd7
22.h3 Rf7 23.Re5 Qd6 24.Qe3 c5 25.Qg3  1/2-1/2

[Event "1st WMSG Rapid Ind"]
[Site "Beijing CHN"]
[Date "2008.10.05"]
[Round "2"]
[White "Nolte,R"]
[Black "Kryvoruchko,Y"]
[Result "1/2-1/2"]
[WhiteElo "2489"]
[BlackElo "2627"]

1.e4 c5 2.Nf3 Nc6 3.Bb5 g6 4.O-O Bg7 5.Re1 Nf6 6.c3 O-O 7.d4 d5 8.e5 Ne4
9.Bxc6 bxc6 10.Nbd2 cxd4 11.cxd4 c5 12.dxc5 Nxc5 13.Nb3 Nxb3 14.Qxb3 Bg4
15.Nd4 Qd7 16.Bg5 Rfc8 17.h3 Be6 18.Qe3 Rab8 19.b3 Rb7 20.Bh6 Bh8 21.Rad1 Rbc7
22.f4 Rc3 23.Rd3 Rxd3 24.Qxd3 Qc7 25.f5 Bd7 26.e6 Be8 27.Nf3 Qd6 28.Ng5 Rc3
29.Qb5 Qd8 30.Qa6 Bd4+ 31.Kh1 f6 32.Nf3 Bb6 33.Bd2 Rc5 34.Bb4 Bb5 35.Qa3 Rc7
36.fxg6 hxg6 37.Rc1 Rxc1+ 38.Qxc1 a5 39.Bc5 Qc7 40.Qh6 Bd3 41.Bxb6 Qxb6 42.Qd2 Be4
43.Nd4 Kg7 44.a3 a4 45.bxa4 Qb1+ 46.Kh2 Qb8+ 47.Kg1 Qb1+ 48.Kh2 Qb8+ 49.Kg1 Qb1+
50.Kf2 Qa1 51.Qb4 Kh6 52.Nf3 g5 53.Qxe7 Qb2+ 54.Kg3 Qb8+ 55.Kf2 Qb2+ 56.Kg3 Qb8+
57.Kf2 Qb2+ 58.Kg3 Qb8+ 59.Kf2 Qb6+ 60.Kg3 Qb8+ 61.Kf2 Qb6+  1/2-1/2

[Event "TCh-BEL 2008-9"]
[Site "Belgium BEL"]
[Date "2008.10.05"]
[Round "1"]
[White "Cappon,J"]
[Black "Werner,Iv"]
[Result "0-1"]
[WhiteElo "2222"]
[BlackElo "2076"]

1.e4 c5 2.Nf3 Nc6 3.Bb5 e6 4.O-O Nge7 5.c3 d5 6.exd5 Qxd5 7.d4 cxd4 8.c4 Qh5
9.Nxd4 Qxd1 10.Rxd1 e5 11.Nb3 a6 12.Ba4 Nf5 13.Nc3 Bd7 14.Nd5 O-O-O 15.g4 Nh4
16.Nb6+ Kc7 17.Nxd7 Rxd7 18.Rxd7+ Kxd7 19.Be3 Kc7 20.Rd1 Be7 21.Kf1 h5 22.gxh5 Rxh5
23.Bxc6 bxc6 24.Nc5 Bxc5 25.Bxc5 Nf5 26.Kg2 Rh4 27.b3 Rf4 28.Bb4 Nd4 29.Bf8 Rg4+
30.Kh3 f5 31.f4 Ne2 32.Bd6+ Kc8 33.Bxe5 Ng1+ 34.Rxg1 Rxg1 35.Kh4 Kd7  0-1

[Event "58th TCh w 1st Div"]
[Site "Borovets BUL"]
[Date "2008.10.05"]
[Round "5"]
[White "Bulmaga,I"]
[Black "Voiska,M"]
[Result "1/2-1/2"]
[WhiteElo "2287"]
[BlackElo "2318"]

1.e4 c5 2.Nf3 Nc6 3.Bb5 Nf6 4.e5 Nd5 5.Nc3 Nc7 6.Bxc6 dxc6 7.O-O Bg4 8.h3 Bxf3
9.Qxf3 Ne6 10.d3 Nd4 11.Qd1 e6 12.Ne4 Be7 13.Ng3 Nf5 14.Qg4 Nxg3 15.Qxg3 g6
16.Be3 O-O 17.Bh6 Re8 18.Rae1 Bf8 19.Bxf8 Rxf8 20.Re4 Qe7 21.Rfe1 Rad8 22.Qe3 Kg7
23.h4 h5 24.Rf4 Rd5 25.Rf6 Rd4 26.Qg5 Qd8 27.g3 Rg4 28.Qe3 Qd4 29.Qxd4 Rxd4
30.b3 Rfd8 31.Kg2 b5 32.Rf3 a5 33.Ree3 a4 34.c3 R4d7 35.bxa4 bxa4 36.Re4 Rxd3
37.Rxd3 Rxd3 38.Rxa4 Rxc3 39.Ra6 c4 40.Rxc6 Ra3 41.Rxc4 Rxa2  1/2-1/2

[Event "TCh-FIN"]
[Site "Finland FIN"]
[Date "2008.10.05"]
[Round "4"]
[White "Alho,S"]
[Black "Laitinen,Mi"]
[Result "1/2-1/2"]
[WhiteElo "2141"]
[BlackElo "1969"]

1.e4 c5 2.Nf3 Nc6 3.Bb5 Nf6 4.e5 Nd5 5.Nc3 Nc7 6.Bxc6 dxc6 7.h3 g6 8.O-O Bg7
9.d3 Nd5 10.Ne4 b6 11.Re1 O-O 12.c3 Qc7 13.c4 Nb4 14.a3 Na6 15.Bf4 Bf5 16.Qd2 Qd7
17.Rad1 Rfd8 18.Qe3 Nc7 19.g4 Bxe4 20.Qxe4 Ne6 21.Be3 Qc7 22.Rd2 a5 23.b3 Rd7
24.d4 cxd4 25.Bxd4 Rad8 26.Red1 Bh6 27.Be3 Rxd2 28.Rxd2 Rxd2 29.Nxd2 Bxe3
30.Qxe3 Qd8 31.Nf3 Qd1+ 32.Kg2 c5 33.Ng5 Nxg5 34.Qxg5 Qxb3 35.Qxe7 Qxc4  1/2-1/2

[Event "ch-Commonwealth"]
[Site "Nagpur IND"]
[Date "2008.10.05"]
[Round "10"]
[White "Mari Arul,S"]
[Black "Yashas,D"]
[Result "1/2-1/2"]
[WhiteElo "2249"]
[BlackElo "1992"]

1.e4 c5 2.Nf3 Nc6 3.Bb5 g6 4.O-O Bg7 5.Re1 Nh6 6.c3 O-O 7.d4 cxd4 8.cxd4 Qb6
9.Nc3 a6 10.Ba4 d6 11.h3 Kh8 12.Bb3 Na5 13.Bc2 Qd8 14.b3 b6 15.Bb2 Bb7 16.Ne2 Rc8
17.Ng3 Ng8 18.h4 e6 19.Bd3 Nc6 20.a3 Qd7 21.Rb1 Nce7 22.h5 Nf6 23.Qd2 Kg8
24.Qf4 h6 25.hxg6 fxg6 26.Qd2 Ng4 27.Rbd1 b5 28.Bb1 Rf7 29.Re2 Rcf8 30.Rf1 Qd8
31.Nh2 Nxh2 32.Kxh2 Nc6 33.Rh1 e5 34.b4  1/2-1/2

[Event "Icelandic Teams 2008-9"]
[Site "Reykjavik ISL"]
[Date "2008.10.05"]
[Round "4"]
[White "Maze,S"]
[Black "Ulfarsson,M"]
[Result "1-0"]
[WhiteElo "2553"]
[BlackElo "2403"]

1.e4 c5 2.Nf3 Nc6 3.Bb5 e6 4.Bxc6 bxc6 5.O-O d5 6.d3 Nf6 7.Qe2 Be7 8.c4 O-O
9.Nc3 Qc7 10.Bg5 d4 11.Na4 e5 12.Ne1 Nd5 13.cxd5 Bxg5 14.dxc6 Qxc6 15.b3 c4
16.dxc4 f5 17.Nd3 Qxe4 18.Qxe4 fxe4 19.Nxe5 Bf6 20.f4 Bxe5 21.fxe5 Re8 22.Rad1 d3
23.Rfe1 Bg4 24.Rd2 Rxe5 25.Nc3 Rae8 26.h3 Bf5 27.Re3 h5 28.Kf2 g5 29.Nd5 Kg7
30.Re1 Bg6 31.Ke3 Rf8 32.Rf2 Rfe8 33.Kd2 Kh6 34.Ne3 Kg7 35.Ref1 R8e7 36.Kc3 Kh7
37.b4 Be8 38.Rf6 Bd7 39.Rd6 R5e6 40.Rf6 Rxd6 41.Rxd6 Be6 42.a4 Kg7 43.c5 g4
44.hxg4 Bxg4 45.b5  1-0

[Event "Bundesliga 2008-9"]
[Site "Solingen GER"]
[Date "2008.10.05"]
[Round "2"]
[White "Handke,F"]
[Black "Golod,V"]
[Result "1/2-1/2"]
[WhiteElo "2498"]
[BlackElo "2584"]

1.e4 c5 2.Nf3 Nc6 3.Bb5 e6 4.O-O Nge7 5.Re1 a6 6.Bf1 d5 7.exd5 Nxd5 8.d4 Nf6
9.Be3 Be7 10.h3 Nd5 11.Bc1 Nf6 12.Be3 Nd5 13.Bc1  1/2-1/2

[Event "Chigorin Memorial"]
[Site "St Petersburg RUS"]
[Date "2008.10.05"]
[Round "2"]
[White "Ivkina,O"]
[Black "Yakovich,Yur"]
[Result "1-0"]
[WhiteElo "2229"]
[BlackElo "2567"]

1.e4 c5 2.Nf3 Nc6 3.Bb5 d6 4.O-O Bd7 5.Re1 Nf6 6.c3 a6 7.Bf1 Bg4 8.h3 Bxf3
9.Qxf3 g6 10.d3 Bg7 11.Na3 O-O 12.Bg5 b5 13.Nc2 Nd7 14.Qe3 Qb6 15.Bh6 e5
16.Rad1 Rfe8 17.Bxg7 Kxg7 18.d4 exd4 19.cxd4 Nf6 20.e5 dxe5 21.dxc5 Qa5 22.Rd6 Nd4
23.Qg5 Ng8 24.b4 Qxa2 25.Nxd4 exd4 26.Rd1 Re4 27.R6xd4 Rae8 28.Rxe4 Rxe4
29.c6 Qb3 30.Rc1 Qxb4 31.c7 Ne7 32.Qxe7 Rxe7 33.c8=Q Re6 34.Qb7 Qd4 35.Rc7 Rf6
36.Qa7 Qb2 37.Rc8 Rf5 38.g4 Rf4 39.Qc5 Qd4 40.Qf8+ Kf6 41.Rc6+ Kg5 42.Rc5+ f5
43.Qe7+ Kh6 44.Qh4+ Kg7 45.Rc7+ Kf8 46.Rxh7 g5 47.Qh6+  1-0

[Event "Chigorin Memorial"]
[Site "St Petersburg RUS"]
[Date "2008.10.05"]
[Round "2"]
[White "Teterev,V"]
[Black "Vrublevskaya,O"]
[Result "1-0"]
[WhiteElo "2513"]
[BlackElo "2106"]

1.Nf3 c5 2.e4 Nc6 3.Bb5 e6 4.O-O Qc7 5.Re1 Nge7 6.c3 d5 7.exd5 Nxd5 8.d4 a6
9.Bc4 Nb6 10.Bb3 Be7 11.dxc5 Nd7 12.Ng5 Nf6 13.Nd2 Bxc5 14.Nde4 Be7 15.Nxf6+ Bxf6
16.Qh5 Bxg5 17.Bxg5 O-O 18.Re3 f6 19.Bh4 Qf7 20.Qc5 Bd7 21.Qb6 Kh8 22.Bg3 Nd8
23.Rd1 Bc6 24.Red3 Qe8 25.Bd6 Rg8 26.Re1 Qg6 27.Rg3 Qf5 28.Qc7 g5 29.Be7 Rg7
30.Qd6 Nf7 31.Qxe6  1-0

[Event "1st WMSG Rapid Ind w"]
[Site "Beijing CHN"]
[Date "2008.10.06"]
[Round "5"]
[White "Muzychuk,M"]
[Black "Swathi,G"]
[Result "0-1"]
[WhiteElo "2436"]
[BlackElo "2320"]

1.e4 c5 2.Nf3 Nc6 3.Bb5 e6 4.Bxc6 bxc6 5.d3 Ne7 6.h4 h5 7.Be3 d6 8.e5 Nf5
9.Bf4 d5 10.Nbd2 Be7 11.g3 Rb8 12.b3 Rb4 13.c4 a5 14.Nf1 a4 15.Ne3 Nd4 16.Nxd4 cxd4
17.Nc2 axb3 18.Nxb4 Bxb4+ 19.Bd2 b2 20.Bxb4 bxa1=Q 21.Qxa1 c5 22.Bd2 dxc4
23.dxc4 Qc7 24.O-O Bb7 25.Qb1 Qc6 26.Qb5 Qxb5 27.cxb5 Kd7 28.Rc1 Ra8 29.Rxc5 Rxa2
30.Bc1 d3 31.b6 Ra1 32.Rc7+ Kd8 33.Kh2 d2  0-1

[Event "1st WMSG Rapid Ind"]
[Site "Beijing CHN"]
[Date "2008.10.07"]
[Round "9"]
[White "Aveskulov,V"]
[Black "Reinderman,D"]
[Result "0-1"]
[WhiteElo "2544"]
[BlackElo "2543"]

1.e4 c5 2.Nf3 Nc6 3.Bb5 Nf6 4.Nc3 g6 5.Bxc6 dxc6 6.h3 Bg7 7.d3 O-O 8.Bf4 Nh5
9.Be3 Qa5 10.g4 Nf6 11.Qd2 h5 12.Bh6 b5 13.e5 Nd5 14.gxh5 Nxc3 15.Bxg7 Kxg7
16.bxc3 Rh8 17.hxg6 fxg6 18.Ke2 Rh5 19.Rag1 Bf5 20.Rg5 Rah8 21.Rhg1 Qxa2
22.Rxh5 Rxh5 23.h4 a5 24.Ne1 a4 25.Rg5 Rxg5 26.Qxg5 Qe6 27.Qe3 Qd5 28.f4 a3
29.Qc1 b4 30.Kf2 a2 31.Nf3 b3 32.c4 Qd8 33.Qb2 Qa8 34.e6+ Kg8  0-1

[Event "Chigorin Memorial"]
[Site "St Petersburg RUS"]
[Date "2008.10.07"]
[Round "5"]
[White "Vysochin,S"]
[Black "Smirnov,Arte"]
[Result "1-0"]
[WhiteElo "2520"]
[BlackElo "2460"]

1.e4 c5 2.Nf3 Nc6 3.Bb5 g6 4.O-O Bg7 5.Re1 Nf6 6.e5 Nd5 7.Nc3 Nc7 8.Bxc6 dxc6
9.Ne4 b6 10.Nf6+ Kf8 11.Ne4 Bg4 12.d3 Ne6 13.Ned2 Qd5 14.h3 Bxf3 15.Nxf3 f5
16.c4 Qd7 17.b4 h6 18.bxc5 bxc5 19.Ba3 Kf7 20.Qa4 Rhd8 21.Rad1 Qc7 22.Bb2 Kg8
23.d4 cxd4 24.Nxd4 Nxd4 25.Bxd4 Rd7 26.Bc3 Rad8 27.Rb1 Qc8 28.Qa5 e6 29.Bb4 Bf8
30.Bd6 Bxd6 31.exd6 Rxd6 32.Qxa7 R8d7 33.Qe3 Kh7 34.c5 Rd5 35.Qxe6 Qc7 36.Qe8 Qd8
37.Qxd8 Rxd8 38.Re7+ Kh8 39.Rbb7 Rxc5 40.Rh7+ Kg8 41.Rbg7+ Kf8 42.Rxg6 Rc1+
43.Kh2 Rc2 44.Rgxh6 Rdd2 45.Rf6+ Kg8 46.Rh5 Rxf2 47.Rg5+ Kh7 48.Rfxf5 Rfd2
49.a4 c5 50.a5 c4 51.a6 c3 52.Ra5 Ra2 53.Rxa2 Rxa2 54.Rc5 c2 55.a7  1-0

[Event "1st WMSG Blitz Pair"]
[Site "Beijing CHN"]
[Date "2008.10.08"]
[Round "2"]
[White "Socko,M"]
[Black "Dembo,Y"]
[Result "1-0"]
[WhiteElo "2434"]
[BlackElo "2446"]

1.e4 c5 2.Nf3 Nc6 3.Bb5 g6 4.Bxc6 dxc6 5.d3 b6 6.h3 Bg7 7.Nc3 e5 8.Be3 Ne7
9.Qd2 h6 10.O-O Be6 11.Nh2 g5 12.Ne2 Ng6 13.Ng3 Nf4 14.Bxf4 gxf4 15.Nh5 Qg5
16.Nxg7+ Qxg7 17.Kh1 Rg8 18.Rg1 Ke7 19.c3 Qf6 20.Qe2 Rg5 21.d4 cxd4 22.cxd4 exd4
23.Nf3 Rh5 24.Nxd4 Qg5 25.Nxe6 fxe6 26.Rad1 Rf8 27.Qf3 Qe5 28.Rd2 Rg5 29.Rgd1 Rfg8
30.Rd7+ Kf6 31.Rg1 a5 32.b3 b5 33.Qd3 Rh5 34.Rb7 Qg5 35.Rc7 Qc5 36.Qd2 Qe5
37.Qd7 Qg5 38.e5+ Kf5 39.Qf7+ Ke4 40.Re1+ Kd3 41.Qd7+ Kc3 42.Rxc6+ Kb4 43.Qd4+ Ka3
44.Qc5+ b4 45.Qxa5+ Kb2 46.Re2+ Kb1 47.Rc1+ Kxc1 48.Qc5+  1-0

[Event "1st WMSG Blitz Pair"]
[Site "Beijing CHN"]
[Date "2008.10.08"]
[Round "4"]
[White "Zhang Zhong"]
[Black "Reinderman,D"]
[Result "0-1"]
[WhiteElo "2649"]
[BlackElo "2543"]

1.e4 c5 2.Nf3 Nc6 3.Bb5 Nf6 4.Bxc6 dxc6 5.d3 g6 6.h3 Bg7 7.Nc3 O-O 8.Be3 b6
9.Qd2 e5 10.Bh6 Qd6 11.O-O Nh5 12.Ne2 Be6 13.Bxg7 Kxg7 14.Qc3 f6 15.Nd2 Rad8
16.a4 a5 17.Rae1 Rfe8 18.g4 Nf4 19.Nxf4 exf4 20.Nf3 h5 21.e5 Qf8 22.exf6+ Qxf6
23.Ne5 hxg4 24.hxg4 Rh8 25.f3 Qh4 26.Nxg6+ Kxg6 27.Rxe6+ Kf7 28.Qc4  0-1

[Event "1st WMSG Blitz Pair"]
[Site "Beijing CHN"]
[Date "2008.10.08"]
[Round "6"]
[White "Socko,M"]
[Black "Peng Zhaoqin"]
[Result "1-0"]
[WhiteElo "2434"]
[BlackElo "2455"]

1.e4 c5 2.Nf3 Nc6 3.Bb5 e6 4.Bxc6 bxc6 5.O-O Qc7 6.c4 e5 7.Nc3 Be7 8.d3 Nf6
9.Ne2 d6 10.Ng3 h5 11.Bg5 g6 12.Qd2 Bg4 13.Nh4 a5 14.f4 Nh7 15.Bxe7 Qxe7
16.Nf3 h4 17.Ne2 h3 18.g3 O-O 19.Nh4 Kg7 20.f5 Bxe2 21.Qxe2 Qg5 22.Rf2 Nf6
23.Raf1 Ng4 24.Rf3 Qh5 25.f6+ Kh7 26.Rf5 gxf5 27.Rxf5 Qh6 28.Qxg4 Rg8 29.Qe2 Rg5  1-0

[Event "1st WMSG Blitz Pair"]
[Site "Beijing CHN"]
[Date "2008.10.08"]
[Round "7"]
[White "Greet,A"]
[Black "Banikas,H"]
[Result "0-1"]
[WhiteElo "2440"]
[BlackElo "2572"]

1.e4 c5 2.Nf3 Nc6 3.Bb5 Nf6 4.Nc3 Qc7 5.O-O Nd4 6.Re1 e5 7.Bc4 d6 8.h3 Be7
9.d3 h6 10.Nh2 Be6 11.Ng4 Nxg4 12.hxg4 Qd7 13.Bxe6 fxe6 14.Ne2 Nc6 15.c3 d5
16.Ng3 Bh4 17.Nf1 O-O-O 18.Be3 d4 19.cxd4 exd4 20.Bd2 Rhf8 21.g3 Be7 22.f4 g5
23.Qe2 gxf4 24.gxf4 Rf7 25.Nh2 Rg8 26.Kh1 Bd6 27.Rf1 Qe7 28.Rf3 Qh4 29.Qf2 Rxg4
30.Qxh4 Rxh4 31.Raf1 b6 32.Be1  0-1

[Event "1st WMSG Blitz Pair"]
[Site "Beijing CHN"]
[Date "2008.10.08"]
[Round "8"]
[White "Aveskulov,V"]
[Black "Reinderman,D"]
[Result "1-0"]
[WhiteElo "2544"]
[BlackElo "2543"]

1.e4 c5 2.Nf3 Nc6 3.Bb5 Nf6 4.Nc3 g6 5.Bxc6 dxc6 6.h3 Bg7 7.d3 O-O 8.Bf4 Nh5
9.Be3 Qd6 10.Qd2 e5 11.Ne2 Be6 12.Bh6 f6 13.Bxg7 Nxg7 14.O-O Rad8 15.Rad1 Bc8
16.Nh2 Ne6 17.Ng4 c4 18.Qc3 cxd3 19.Rxd3 Qe7 20.Rfd1 Rxd3 21.Rxd3 Rd8 22.Rf3 Rf8
23.Rd3 Rd8 24.Rf3 Rf8 25.Rd3 Rd8 26.Ne3 Rxd3 27.Qxd3 Qd7 28.Qc3 Nd4 29.Nxd4 exd4
30.Qc4+ Kg7 31.Nf1 Qd6 32.Nd2 b6 33.Qa4 a5 34.Qb3  1-0

[Event "1st WMSG Blitz Pair"]
[Site "Beijing CHN"]
[Date "2008.10.08"]
[Round "11"]
[White "Sarakauskas,G"]
[Black "Solomon,K"]
[Result "1/2-1/2"]
[WhiteElo "2429"]
[BlackElo "2337"]

1.e4 c5 2.Nf3 Nc6 3.Bb5 e6 4.Bxc6 bxc6 5.d3 Ne7 6.e5 Ng6 7.O-O Be7 8.Nbd2 O-O
9.Nc4 Qc7 10.Bd2 f6 11.Ba5 Qb8 12.Bc3 fxe5 13.Ncxe5 Nxe5 14.Nxe5 Qc7 15.Qh5 Bf6
16.f4 d6 17.Nc4 Bxc3 18.bxc3 Ba6 19.Ne3 Rae8 20.Rae1 Qa5 21.f5 exf5 22.Nxf5 Rxe1
23.Rxe1 g6 24.Nh6+ Kg7 25.Re7+ Kh8 26.Qh4 Qxc3 27.Nf7+ Kg8 28.Nh6+ Kh8 29.Nf7+ Kg8
30.Nh6+  1/2-1/2

[Event "Belgrade Premier League"]
[Site "Belgrade SRB"]
[Date "2008.10.08"]
[Round "4"]
[White "Asik,J"]
[Black "Milic,D"]
[Result "1-0"]
[WhiteElo "2349"]
[BlackElo "2079"]

1.e4 c5 2.Nf3 Nc6 3.Bb5 g6 4.O-O Bg7 5.c3 Nf6 6.Re1 e5 7.Bxc6 dxc6 8.Nxe5 O-O
9.d3 Re8 10.f4 c4 11.Nxc4 Ng4 12.h3 Qh4 13.hxg4 Bxg4 14.Qd2 Rad8 15.Qf2 Qh5
16.d4 Bf6 17.Ne5 c5 18.Nxg4 Qxg4 19.Qf3 Qxf3 20.gxf3 cxd4 21.e5 Bh4 22.Rd1 f6
23.cxd4 fxe5 24.fxe5 Rxe5 25.Nc3 Rf5 26.Kg2 Bf6 27.Be3 Rf8 28.Rf1 Re8 29.Ne4 Be7
30.Rac1 Rb5 31.Rc2 Rf8 32.b3 a5 33.Rc7 Bd8 34.Rc5 Rb4 35.Rc4 Rb5 36.Bh6 Re8
37.Rc8  1-0

[Event "Chigorin Memorial"]
[Site "St Petersburg RUS"]
[Date "2008.10.08"]
[Round "6"]
[White "Lintchevski,D"]
[Black "Molchanova,T"]
[Result "1-0"]
[WhiteElo "2502"]
[BlackElo "2337"]

1.e4 c5 2.Nf3 Nc6 3.Bb5 g6 4.O-O Bg7 5.Re1 e5 6.Bxc6 dxc6 7.d3 Bg4 8.Nbd2 Ne7
9.h3 Bxf3 10.Nxf3 O-O 11.Be3 b6 12.Qd2 Qd6 13.a4 a5 14.Qc3 Rae8 15.Qc4 Nc8
16.c3 Qe6 17.Nd2 f5 18.f3 f4 19.Bf2 Rf7 20.Qxe6 Rxe6 21.Nc4 Rb7 22.Reb1 Bf8
23.Kf1 Nd6 24.Nd2 Nc8 25.Ke2 Kf7 26.h4 Re8 27.g3 fxg3 28.Bxg3 Nd6 29.b3 Bh6
30.Nc4 Nxc4 31.bxc4 Ke6 32.Rb3 Rf8 33.Rab1 Rbf7 34.Rf1 Rb7 35.Bf2 Rbf7 36.Bg1 Rf4
37.Rxb6 Kd6 38.d4 cxd4 39.cxd4 exd4 40.Bxd4 Rxh4 41.c5+ Kc7 42.Be5+ Kd7 43.Rd1+ Ke6
44.Bg3 Rh3 45.Rxc6+ Kf7 46.Bd6 Re8 47.Ra6 Bf8 48.Rxa5 Bxd6 49.Rxd6 Re7 50.c6 Rh2+
51.Ke3 Rc2 52.Rb5 h5 53.Rb7 Rxb7 54.cxb7 Rb2 55.Rd7+ Ke6 56.Rh7 Ke5 57.a5 Rb3+
58.Kd2 Kd4 59.Kc2  1-0

[Event "1st WMSG Rapid Pair"]
[Site "Beijing CHN"]
[Date "2008.10.09"]
[Round "2"]
[White "Socko,M"]
[Black "Harika,D"]
[Result "0-1"]
[WhiteElo "2434"]
[BlackElo "2461"]

1.e4 c5 2.Nf3 Nc6 3.Bb5 d6 4.O-O Bd7 5.Re1 Nf6 6.c3 a6 7.Bxc6 Bxc6 8.d4 cxd4
9.cxd4 Bxe4 10.Nc3 Bxf3 11.Qxf3 e6 12.Qxb7 Qc8 13.Qf3 Be7 14.Bg5 O-O 15.Rac1 Qd7
16.Bxf6 Bxf6 17.d5 e5 18.Ne4 Be7 19.Rc6 f5 20.Nd2 e4 21.Qa3 Qb7 22.Nc4 Qb5
23.Rd1 Rac8 24.Ne3 f4 25.Nf5 Bf6 26.Qxd6 Rxc6 27.Qxc6 Qe2 28.Rf1 g6 29.Qe6+ Kh8
30.Qd6 Kg8 31.Nh6+ Kg7 32.Qxf4 Bd4 33.Qc1 Bxf2+ 34.Kh1 Be3 35.Qc7+ Kxh6 36.Rg1 Rf1  0-1

[Event "1st WMSG Rapid Pair"]
[Site "Beijing CHN"]
[Date "2008.10.09"]
[Round "2"]
[White "Greet,A"]
[Black "Reinderman,D"]
[Result "1/2-1/2"]
[WhiteElo "2440"]
[BlackElo "2543"]

1.e4 c5 2.Nf3 Nc6 3.Bb5 Nf6 4.Nc3 g6 5.h3 Bg7 6.e5 Ng8 7.Bxc6 dxc6 8.d3 Nh6
9.Be3 Qa5 10.g4 f5 11.exf6 exf6 12.Nd2 O-O 13.Nb3 Qc7 14.Qd2 Nf7 15.Nxc5 f5
16.gxf5 Bxf5 17.O-O-O Rad8 18.h4 b6 19.N5e4 Bg4 20.Rdg1 Ne5 21.Ng5 Qe7 22.Rg3 h6
23.Nge4 Nf3 24.Qd1 Bh5 25.Qf1 Nxh4 26.Qg1 c5 27.Rgh3 Nf5 28.Ng3 Nxg3 29.Rxg3 Qf6
30.Kb1 Rf7 31.Bxh6 Qxf2 32.Bxg7 Kxg7 33.b3 Qxg1+ 34.Rgxg1 Kh6 35.Ne4 Rd5
36.Kb2 Rf4 37.Kc3 Kg7 38.Rh3 Re5 39.Rhg3 b5 40.b4 c4 41.Kd4 Re7 42.Ke3 Rh4
43.Rg5 Rh3+ 44.R1g3 Rh2 45.Rxb5 Kh6 46.Kd4 cxd3 47.cxd3 Rxa2 48.Rh3 Rd7+
49.Kc4 Rc2+ 50.Kb3 Rc1 51.Nf6 Rdc7 52.Nxh5 R7c3+ 53.Kb2 R1c2+ 54.Kb1 Rc1+  1/2-1/2